[Event "LSS OP-2007-0-00372"]
[Site "LSS email"]
[Date "2007.09.20"]
[Round "?"]
[White "Stover, Shane"]
[Black "Zanatta, Federico"]
[Result "0-1"]
[WhiteElo "549"]
[BlackElo "1512"]
[PlyCount "24"]
[EventDate "2007.09.18"]
[EventType "tourn (corr)"]
[EventRounds "4"]
[EventCountry "GER"]
[SourceTitle "Corr 2015"]
[Source "ChessBase"]
[SourceDate "2015.07.17"]
[SourceVersion "1"]
[SourceVersionDate "2015.07.17"]
[SourceQuality "1"]

1. c4 e5 2. Nc3 Nf6 3. g3 Bc5 4. e3 c6 5. Bg2 Na6 6. Nf3 e4 7. Ng5 d5 8. b3 Nb4 9. 0-0 Nd3 10. Na4 Bd6 11. Bb2 b5 12. Bh3 Bxh3 0-1

[Event "IECG QN.2003.0.00257 email "]
[Site "IECG email"]
[Date "2003.01.18"]
[Round "?"]
[White "Emerald, Elizabeth"]
[Black "Stover, Shane"]
[Result "1-0"]
[WhiteElo "800"]
[BlackElo "800"]
[PlyCount "63"]
[EventDate "2003.01.18"]
[EventType "tourn (corr)"]
[EventRounds "6"]
[SourceTitle "Corr 2008"]
[Source "ChessBase"]
[SourceDate "2008.06.24"]
[SourceVersion "1"]
[SourceVersionDate "2008.06.24"]
[SourceQuality "1"]

1. e4 e5 2. Nf3 Nf6 3. Nxe5 d6 4. Nf3 Nxe4 5. Bc4 Be6 6. Qe2 d5 7. 0-0 Bc5 8. d4 Bg4 9. Nc3 c6 10. dxc5 0-0 11. Rd1 Nd7 12. Nxe4 Re8 13. Bxd5 cxd5 14. Rxd5 f6 15. Qc4 Be6 16. Be3 Ne5 17. Rxd8 Nxc4 18. Rxa8 Rxa8 19. Nd4 Bd5 20. Nd6 Nxb2 21. N4b5 g5 22. Nc7 Rd8 23. Nxd5 Nc4 24. Nxf6+ Kg7 25. Nfe4 Nxd6 26. cxd6 h6 27. Bxa7 g4 28. Bd4+ Kg6 29. Bf6 Re8 30. d7 Rb8 31. d8Q Rxd8 32. Bxd8 1-0